000 00440nam a22001817a 4500
005 20200520144714.0
008 200520b xxu||||| |||| 00| 0 eng d
020 _a978817473382
041 _aeng
082 _a616 DAT
100 _aDatta Chandrani Sanyal
_95633
245 _aEssentials of Human Physilogy
250 _a3'rd
260 _aDelhi
_bAITBS PUBLISHERS
_c209
300 _a176 VII
650 _aPharmacy
_95634
942 _cBK
999 _c6342
_d6340